<?xml version="1.0" encoding="UTF-8"?>
<record
    xmlns:xsi="http://www.w3.org/2001/XMLSchema-instance"
    xsi:schemaLocation="http://www.loc.gov/MARC21/slim http://www.loc.gov/standards/marcxml/schema/MARC21slim.xsd"
    xmlns="http://www.loc.gov/MARC21/slim">

  <leader>00748nam a22002417a 4500</leader>
  <controlfield tag="005">20241205090009.0</controlfield>
  <controlfield tag="008">241205b           ||||| |||| 00| 0 eng d</controlfield>
  <datafield tag="020" ind1=" " ind2=" ">
    <subfield code="a">9789390218899</subfield>
  </datafield>
  <datafield tag="040" ind1=" " ind2=" ">
    <subfield code="c">AL</subfield>
  </datafield>
  <datafield tag="041" ind1=" " ind2=" ">
    <subfield code="a">English</subfield>
  </datafield>
  <datafield tag="082" ind1=" " ind2=" ">
    <subfield code="2">23</subfield>
    <subfield code="a">332.6054</subfield>
    <subfield code="b">VERI</subfield>
  </datafield>
  <datafield tag="100" ind1=" " ind2=" ">
    <subfield code="a">Alok Verma and others</subfield>
    <subfield code="9">187701</subfield>
  </datafield>
  <datafield tag="245" ind1=" " ind2=" ">
    <subfield code="a">Investment funds in India : A legal handbook</subfield>
  </datafield>
  <datafield tag="260" ind1=" " ind2=" ">
    <subfield code="a">Gurgaon</subfield>
    <subfield code="b">Thomson Reuters South Asia Private Limited</subfield>
    <subfield code="c">2020</subfield>
  </datafield>
  <datafield tag="300" ind1=" " ind2=" ">
    <subfield code="a">218 p.</subfield>
    <subfield code="b">PB</subfield>
    <subfield code="c">24x16 cm.</subfield>
  </datafield>
  <datafield tag="365" ind1=" " ind2=" ">
    <subfield code="a">1060</subfield>
    <subfield code="b">&#x20B9;328.5</subfield>
    <subfield code="c">&#x20B9;</subfield>
    <subfield code="d">&#x20B9;450.00</subfield>
    <subfield code="e">27%</subfield>
    <subfield code="f">28-11-2024</subfield>
  </datafield>
  <datafield tag="650" ind1=" " ind2=" ">
    <subfield code="a">Investment funds</subfield>
    <subfield code="9">187702</subfield>
  </datafield>
  <datafield tag="650" ind1=" " ind2=" ">
    <subfield code="a">mutual funds</subfield>
    <subfield code="9">187703</subfield>
  </datafield>
  <datafield tag="700" ind1=" " ind2=" ">
    <subfield code="a">VERMA (Alok)</subfield>
    <subfield code="9">187704</subfield>
  </datafield>
  <datafield tag="700" ind1=" " ind2=" ">
    <subfield code="a">TREHAN (Karan)</subfield>
    <subfield code="9">187705</subfield>
  </datafield>
  <datafield tag="700" ind1=" " ind2=" ">
    <subfield code="a">PRASAD (Ganesh)</subfield>
    <subfield code="9">187706</subfield>
  </datafield>
  <datafield tag="942" ind1=" " ind2=" ">
    <subfield code="2">ddc</subfield>
    <subfield code="c">BK</subfield>
  </datafield>
  <datafield tag="999" ind1=" " ind2=" ">
    <subfield code="c">232068</subfield>
    <subfield code="d">232068</subfield>
  </datafield>
  <datafield tag="952" ind1=" " ind2=" ">
    <subfield code="0">0</subfield>
    <subfield code="1">0</subfield>
    <subfield code="2">ddc</subfield>
    <subfield code="4">0</subfield>
    <subfield code="7">0</subfield>
    <subfield code="8">Law</subfield>
    <subfield code="a">LL</subfield>
    <subfield code="b">LL</subfield>
    <subfield code="d">2024-12-03</subfield>
    <subfield code="e">MPP House, Bengaluru</subfield>
    <subfield code="g">328.50</subfield>
    <subfield code="l">0</subfield>
    <subfield code="o">332.6054 VERI</subfield>
    <subfield code="p">LL000181</subfield>
    <subfield code="r">2024-12-05 00:00:00</subfield>
    <subfield code="v">450.00</subfield>
    <subfield code="w">2024-12-05</subfield>
    <subfield code="y">BK</subfield>
  </datafield>
  <datafield tag="952" ind1=" " ind2=" ">
    <subfield code="0">0</subfield>
    <subfield code="1">0</subfield>
    <subfield code="2">ddc</subfield>
    <subfield code="4">0</subfield>
    <subfield code="7">0</subfield>
    <subfield code="8">Law</subfield>
    <subfield code="a">LL</subfield>
    <subfield code="b">LL</subfield>
    <subfield code="d">2024-12-03</subfield>
    <subfield code="e">MPP House, Bengaluru</subfield>
    <subfield code="g">328.50</subfield>
    <subfield code="l">0</subfield>
    <subfield code="o">332.6054 VERI</subfield>
    <subfield code="p">LL000182</subfield>
    <subfield code="r">2024-12-05 00:00:00</subfield>
    <subfield code="v">450.00</subfield>
    <subfield code="w">2024-12-05</subfield>
    <subfield code="y">BK</subfield>
  </datafield>
  <datafield tag="952" ind1=" " ind2=" ">
    <subfield code="0">0</subfield>
    <subfield code="1">0</subfield>
    <subfield code="2">ddc</subfield>
    <subfield code="4">0</subfield>
    <subfield code="7">0</subfield>
    <subfield code="8">Law</subfield>
    <subfield code="a">LL</subfield>
    <subfield code="b">LL</subfield>
    <subfield code="d">2024-12-03</subfield>
    <subfield code="e">MPP House, Bengaluru</subfield>
    <subfield code="g">328.50</subfield>
    <subfield code="l">0</subfield>
    <subfield code="o">332.6054 VERI</subfield>
    <subfield code="p">LL000183</subfield>
    <subfield code="r">2024-12-05 00:00:00</subfield>
    <subfield code="v">450.00</subfield>
    <subfield code="w">2024-12-05</subfield>
    <subfield code="y">BK</subfield>
  </datafield>
  <datafield tag="952" ind1=" " ind2=" ">
    <subfield code="0">0</subfield>
    <subfield code="1">0</subfield>
    <subfield code="2">ddc</subfield>
    <subfield code="4">0</subfield>
    <subfield code="7">0</subfield>
    <subfield code="8">Law</subfield>
    <subfield code="a">LL</subfield>
    <subfield code="b">LL</subfield>
    <subfield code="d">2024-12-03</subfield>
    <subfield code="e">MPP House, Bengaluru</subfield>
    <subfield code="g">328.50</subfield>
    <subfield code="l">0</subfield>
    <subfield code="o">332.6054 VERI</subfield>
    <subfield code="p">LL000184</subfield>
    <subfield code="r">2024-12-05 00:00:00</subfield>
    <subfield code="v">450.00</subfield>
    <subfield code="w">2024-12-05</subfield>
    <subfield code="y">BK</subfield>
  </datafield>
  <datafield tag="952" ind1=" " ind2=" ">
    <subfield code="0">0</subfield>
    <subfield code="1">0</subfield>
    <subfield code="2">ddc</subfield>
    <subfield code="4">0</subfield>
    <subfield code="7">0</subfield>
    <subfield code="8">Law</subfield>
    <subfield code="a">LL</subfield>
    <subfield code="b">LL</subfield>
    <subfield code="d">2024-12-03</subfield>
    <subfield code="e">MPP House, Bengaluru</subfield>
    <subfield code="g">328.50</subfield>
    <subfield code="l">0</subfield>
    <subfield code="o">332.6054 VERI</subfield>
    <subfield code="p">LL000185</subfield>
    <subfield code="r">2024-12-05 00:00:00</subfield>
    <subfield code="v">450.00</subfield>
    <subfield code="w">2024-12-05</subfield>
    <subfield code="y">BK</subfield>
  </datafield>
  <datafield tag="952" ind1=" " ind2=" ">
    <subfield code="0">0</subfield>
    <subfield code="1">0</subfield>
    <subfield code="2">ddc</subfield>
    <subfield code="4">0</subfield>
    <subfield code="7">0</subfield>
    <subfield code="8">Law</subfield>
    <subfield code="a">LL</subfield>
    <subfield code="b">LL</subfield>
    <subfield code="d">2024-12-03</subfield>
    <subfield code="e">MPP House, Bengaluru</subfield>
    <subfield code="g">328.50</subfield>
    <subfield code="l">0</subfield>
    <subfield code="o">332.6054 VERI</subfield>
    <subfield code="p">LL000186</subfield>
    <subfield code="r">2024-12-05 00:00:00</subfield>
    <subfield code="v">450.00</subfield>
    <subfield code="w">2024-12-05</subfield>
    <subfield code="y">BK</subfield>
  </datafield>
  <datafield tag="952" ind1=" " ind2=" ">
    <subfield code="0">0</subfield>
    <subfield code="1">0</subfield>
    <subfield code="2">ddc</subfield>
    <subfield code="4">0</subfield>
    <subfield code="7">0</subfield>
    <subfield code="8">Law</subfield>
    <subfield code="a">LL</subfield>
    <subfield code="b">LL</subfield>
    <subfield code="d">2024-12-03</subfield>
    <subfield code="e">MPP House, Bengaluru</subfield>
    <subfield code="g">328.50</subfield>
    <subfield code="l">0</subfield>
    <subfield code="o">332.6054 VERI</subfield>
    <subfield code="p">LL000187</subfield>
    <subfield code="r">2024-12-05 00:00:00</subfield>
    <subfield code="v">450.00</subfield>
    <subfield code="w">2024-12-05</subfield>
    <subfield code="y">BK</subfield>
  </datafield>
  <datafield tag="952" ind1=" " ind2=" ">
    <subfield code="0">0</subfield>
    <subfield code="1">0</subfield>
    <subfield code="2">ddc</subfield>
    <subfield code="4">0</subfield>
    <subfield code="7">0</subfield>
    <subfield code="8">Law</subfield>
    <subfield code="a">LL</subfield>
    <subfield code="b">LL</subfield>
    <subfield code="d">2024-12-03</subfield>
    <subfield code="e">MPP House, Bengaluru</subfield>
    <subfield code="g">328.50</subfield>
    <subfield code="l">0</subfield>
    <subfield code="o">332.6054 VERI</subfield>
    <subfield code="p">LL000188</subfield>
    <subfield code="r">2024-12-05 00:00:00</subfield>
    <subfield code="v">450.00</subfield>
    <subfield code="w">2024-12-05</subfield>
    <subfield code="y">BK</subfield>
  </datafield>
  <datafield tag="952" ind1=" " ind2=" ">
    <subfield code="0">0</subfield>
    <subfield code="1">0</subfield>
    <subfield code="2">ddc</subfield>
    <subfield code="4">0</subfield>
    <subfield code="7">0</subfield>
    <subfield code="8">Law</subfield>
    <subfield code="a">LL</subfield>
    <subfield code="b">LL</subfield>
    <subfield code="d">2024-12-03</subfield>
    <subfield code="e">MPP House, Bengaluru</subfield>
    <subfield code="g">328.50</subfield>
    <subfield code="l">0</subfield>
    <subfield code="o">332.6054 VERI</subfield>
    <subfield code="p">LL000189</subfield>
    <subfield code="r">2024-12-05 00:00:00</subfield>
    <subfield code="v">450.00</subfield>
    <subfield code="w">2024-12-05</subfield>
    <subfield code="y">BK</subfield>
  </datafield>
  <datafield tag="952" ind1=" " ind2=" ">
    <subfield code="0">0</subfield>
    <subfield code="1">0</subfield>
    <subfield code="2">ddc</subfield>
    <subfield code="4">0</subfield>
    <subfield code="7">0</subfield>
    <subfield code="8">Law</subfield>
    <subfield code="a">LL</subfield>
    <subfield code="b">LL</subfield>
    <subfield code="d">2024-12-03</subfield>
    <subfield code="e">MPP House, Bengaluru</subfield>
    <subfield code="g">328.50</subfield>
    <subfield code="l">0</subfield>
    <subfield code="o">332.6054 VERI</subfield>
    <subfield code="p">LL000190</subfield>
    <subfield code="r">2024-12-05 00:00:00</subfield>
    <subfield code="v">450.00</subfield>
    <subfield code="w">2024-12-05</subfield>
    <subfield code="y">BK</subfield>
  </datafield>
</record>
